La evolución de la CITES : (Registro nro. 1045)

Detalles MARC
000 -CABECERA
Campo de control 00981nam a2200265 a 4500
005 - FECHA Y HORA DE LA ULTIMA TRANSACCION
Campo de control 20200104041517.0
008 - ELEMENTOS DE LONGITUD FIJA—INFORMACION GENERAL
Campo de control 131118b19881995sz |||||r|||| 00| 0 spa d
020 ## - ISBN
ISBN 8478112529
040 ## - FUENTE DE CATALOGACIÓN
Agencia catalogadora original CO-BoIAVH
Agencia transcriptora CO-BoIAVH
041 0# - IDIOMA
Código de idioma para texto/pista de sonido o título separado Español
044 ## - PAÍS DE PUBLICACIÓN
País de publicación Suiza
082 04 - NUMERO DE CLASIFICACION DECIMAL DEWEY
Número de clasificación 333.9522
Número del ítem C58c1
100 1# - ASIENTO PRINCIPAL--NOMBRE PERSONAL
Nombre personal Wijnstekers, Willem
Término relacionado autor
9 (RLIN) 2787
245 13 - MENCION DE TITULO
Título La evolución de la CITES :
Parte restante del título guía de la Convención sobre el Comercio Internacional de Especies Amenazadas de Fauna y Flora Silvestres /
Mención de responsabilidad Willem, Wijnstekers
250 ## - MENCION DE EDICION
Mención de edición Cuarta edición
260 ## - PUBLICACION, DISTRIBUCION, ETC. (PIE DE IMPRENTA)
Lugar de publicación, distribución, etc. Ginebra :
Nombre del editor, distribuidor, etc. Secretaría de la CITES
Fecha de publicación, distribución, etc. 1988-1995
300 ## - DESCRIPCION FISICA
Extensión 516 páginas ;
Dimensiones 24 x 16 centímetros
500 ## - NOTA GENERAL
Nota general autografiado
610 2# - ASIENTO SECUNDARIO DE MATERIA - NOMBRE CORPORATIVO
Nombre corporativo o nombre de la jurisdicción como elemento de entrad CITES
Subdivisión de forma Guías, manuales, etc.
9 (RLIN) 67493
650 16 - ASIENTO SECUNDARIO DE MATERIA - TERMINO TEMATICO
Término temático o nombre geográfico como elemento de entrada Conservación de la vida silvestre
9 (RLIN) 158
650 26 - ASIENTO SECUNDARIO DE MATERIA - TERMINO TEMATICO
Término temático o nombre geográfico como elemento de entrada Protección de animales de caza
9 (RLIN) 2788
650 26 - ASIENTO SECUNDARIO DE MATERIA - TERMINO TEMATICO
Término temático o nombre geográfico como elemento de entrada Animales raros
9 (RLIN) 2792
650 26 - ASIENTO SECUNDARIO DE MATERIA - TERMINO TEMATICO
Término temático o nombre geográfico como elemento de entrada Especies en peligro de extinción
Subdivisión general Comercio internacional
9 (RLIN) 67496
942 ## - ELEMENTOS ADICIONALES (KOHA)
Tipo de ítem Libro
Sistema de clasificación Dewey Decimal Classification
Existencias
Withdrawn status Lost status Sistema de Clasificación Damaged status No para préstamo Colección Inventariado Ubicación Permanente Ubicación actual Fecha de adquisición Fuente de Valor Valor Total Checkouts Número topográfico Inventario / Código de Barras Date last seen Ejemplar Price effective from Forma de adquisición Tipo de material
    Dewey Decimal Classification     General Inventariado 2017 Bogotá Bogotá 14/01/1999 Instituto 39000.00   LB-333.9522 C58c1 001434 04/12/2012 Ej. 1 04/12/2012 Donación Libro